La cárcel de los sentimientos (Record no. 63688)
[ view plain ]
| 000 -CABECERA | |
|---|---|
| campo de control de longitud fija | 00540nam a2200193 a 4500 |
| 005 - FECHA Y HORA DE LA ÚLTIMA TRANSACCIÓN | |
| campo de control | 20230830063531.0 |
| 008 - ELEMENTOS DE LONGITUD FIJA--INFORMACIÓN GENERAL | |
| campo de control de longitud fija | 991125n 000 0 spa u |
| 035 ## - NÚMERO DE CONTROL DEL SISTEMA | |
| Número de control de sistema | UPN01000066826 |
| 100 1# - ASIENTO PRINCIPAL--NOMBRE PERSONAL | |
| Nombre de persona | Santos Guerra, Miguel Angel, |
| Fechas asociadas al nombre | 1942- |
| 9 (RLIN) | 29955 |
| 222 ## - TÍTULO CLAVE | |
| Título clave | REVISTA ESPAÑOLA DE PEDAGOGIA |
| 245 ## - MENCIÓN DE TÍTULO | |
| Título | La cárcel de los sentimientos |
| 300 ## - DESCRIPCIÓN FÍSICA | |
| Extensión | 43-60 |
| 362 0# - FECHAS DE PUBLICACIÓN Y/O DESIGNACIÓN SECUENCIAL | |
| Fecha de publicación y/o designación secuencial | 1980 Año 38, no. 148, abr.-jun. |
| 653 0# - TERMINO DE INDIZACION - NO CONTROLADO | |
| Término no controlado | ESCUELA |
| 653 0# - TERMINO DE INDIZACION - NO CONTROLADO | |
| Término no controlado | RELACIONES INTERPERSONALES |
| 653 0# - TERMINO DE INDIZACION - NO CONTROLADO | |
| Término no controlado | SENTIMIENTOS |
| 904 ## - ELEMENTOS DE DATOS D LOCAL, LDD (RLIN) | |
| a | AC |
| b | 004637 |
| 905 ## - TIPO DE MATERIAL | |
| Tipo de material | Articulo |
No items available.
